000 00527nam a22002057a 4500
003 OSt
005 20140310182905.0
008 130128t xxu||||| |||| 00| 0 eng d
020 _a971685680
050 _aLB 1025.3
_b.C822 2007
082 _aFIL 371.1
_bC81 2007
245 _aPrinciples of teaching 1
_cCorpuz, Brenda B.
260 _aQuezon City
_bLorimar Pub.
_c2007
300 _a178 p.
_c25 cm.
521 _acollege students
526 _c1210L-1700L
541 _j1
562 _e1
942 _2lcc
_cBK
_kFIL
999 _c17150
_d17150